000 00523nam a22001817a 4500
003 URS
005 20250714152058.0
008 250507b |||||||| |||| 00| 0 eng d
040 _cURS
100 1 _aMarcourse, Ian.
_eauthor
245 1 0 _aChina's industrial strategy /
_cIan Marcouse.
300 _apage 7 ;
_c28 cm
336 _2rdacontent
_atext
_btxt
337 _2rdamedia
_aunmediated
_bn
338 _2rdacarrier
_avolume
_bnc
773 0 _082824
_975349
_oPIL-13541110-29-1
_tBusiness review
_x13541110
942 _2ddc
_cCR
999 _c82837
_d82836